Metódy analýzy procesov merania v automobilovom priemysle (Methods of measurement processes in automotive industry) [CD-ROM] : Bakalárska práca

Na minha lista:
Detalhes bibliográficos
Autor principal: Slovák, Peter, 1984- (Author)
Outros Autores: Palenčár, Rudolf, 1949- (xxx)
Formato: Manuscrito Livro
Idioma:eslovaco
Publicado em: Bratislava : STU v Bratislave SjF, 2009
Edição:1.vyd.
Assuntos:
Tags: Adicionar Tag
Sem tags, seja o primeiro a adicionar uma tag!

MARC

LEADER 00000ntm a22000003a 4500
001 stu203814
005 20150617230054.1
008 100518s2009----xo------------------slo-d
040 |a STU  |b slo 
041 0 |a slo 
044 |a xo 
100 1 |a Slovák, Peter,  |d 1984-  |4 aut  |u J0030  |9 100  |U SjF Strojnícka fakulta  |T SjF Ústav dopravnej techniky a konštruovania  |X 25965  |U J0030  |Y 806  |7 A000025965 
245 1 |a Metódy analýzy procesov merania v automobilovom priemysle (Methods of measurement processes in automotive industry) [CD-ROM] :  |b Bakalárska práca 
250 |a 1.vyd. 
260 |a Bratislava :  |b STU v Bratislave SjF,  |c 2009 
300 |a 75 s 
650 7 |a merací proces  |2 stusub 
650 7 |a meranie  |2 stusub 
650 7 |a neistota v meraní  |2 stusub 
650 7 |a measurement  |2 estusub 
650 7 |a measurement process  |2 estusub 
700 1 |a Palenčár, Rudolf,  |d 1949-  |4 xxx  |u J0020  |U SjF Strojnícka fakulta  |T SjF Ústav automatizácie, merania a aplikovanej informatiky  |X 2375  |U J0020  |Y 802  |7 A000002375 
996 |b 284J035793  |c J*406/BP  |l JJSK  |s A  |a 24  |w stu203814_0001